Frameworks for analysing international construction (Record no. 73077)
[ view plain ]
| 000 -LEADER | |
|---|---|
| fixed length control field | 01039cam a2200205 4500 |
| 001 - CONTROL NUMBER | |
| control field | ABS66871 |
| 008 - FIXED-LENGTH DATA ELEMENTS--GENERAL INFORMATION | |
| fixed length control field | 030721n2003 000 0 eng u |
| 035 ## - SYSTEM CONTROL NUMBER | |
| System control number | (Sirsi) u123069 |
| 100 ## - MAIN ENTRY--PERSONAL NAME | |
| Personal name | Ofori, G. |
| 245 ## - TITLE STATEMENT | |
| Title | Frameworks for analysing international construction |
| 260 ## - PUBLICATION, DISTRIBUTION, ETC. | |
| Date of publication, distribution, etc. | 2003 |
| 490 ## - SERIES STATEMENT | |
| Series statement | Construction Management and Economics |
| Volume/sequential designation | 21(4) June 2003, 379-391(13) |
| 520 ## - SUMMARY, ETC. | |
| Summary, etc. | Discusses how the international construction market is subject to many changeable influences which can lead to fluxes in volume, mix and distribution of demand and sources of competitiveness. Compares the international performance of construction firms in middle and low income countries. Examines the applicability of various analytical frameworks to international construction. Considers the implications for future research. Tables and references. |
| 590 ## - LOCAL NOTE (RLIN) | |
| Local note | ABS |
| 650 ## - SUBJECT ADDED ENTRY--TOPICAL TERM | |
| Topical term or geographic name entry element | OVERSEAS CONSTRUCTION |
| 650 ## - SUBJECT ADDED ENTRY--TOPICAL TERM | |
| Topical term or geographic name entry element | COMPETITIVENESS |
| 650 ## - SUBJECT ADDED ENTRY--TOPICAL TERM | |
| Topical term or geographic name entry element | INTERNATIONAL CONSTRUCTION MARKET |
| 690 ## - LOCAL SUBJECT ADDED ENTRY--TOPICAL TERM (OCLC, RLIN) | |
| Topical term or geographic name as entry element | BUILT ENVIRONMENT-CONSTRUCTION MARKET |
| 942 ## - ADDED ENTRY ELEMENTS (KOHA) | |
| Suppress in OPAC | 0 |
| Withdrawn status | Lost status | Source of classification or shelving scheme | Damaged status | Not for loan | Home library | Current library | Shelving location | Date acquired | Total Checkouts | Full call number | Barcode | Date last seen | Copy number | Price effective from | Koha item type |
|---|---|---|---|---|---|---|---|---|---|---|---|---|---|---|---|
| Dewey Decimal Classification | London | London | Journal article | 21/07/2003 | ABS66871 | 123069-1001 | 06/08/2019 | 1 | 06/08/2019 | Journal article |